Bắt đầu chơi cờ vua: Bước vào thế giới huyền ảo

Enregistré dans:
Détails bibliographiques
Auteur principal: Lê Phúc Trần Tú
Format: Livre
Langue:Undetermined
Publié: Đồng Nai Nxb. Đồng Nai 1999
Sujets:
Tags: Ajouter un tag
Pas de tags, Soyez le premier à ajouter un tag!
Thư viện lưu trữ: Trung tâm Học liệu Trường Đại học Cần Thơ
LEADER 00520nam a2200169Ia 4500
001 CTU_37064
008 210402s9999 xx 000 0 und d
082 |a 794.1 
082 |b T500 
100 |a Lê Phúc Trần Tú 
245 0 |a Bắt đầu chơi cờ vua: Bước vào thế giới huyền ảo 
245 0 |c Lê Phúc Trần Tú 
260 |a Đồng Nai 
260 |b Nxb. Đồng Nai 
260 |c 1999 
650 |a chess 
980 |a Trung tâm Học liệu Trường Đại học Cần Thơ